Paul, (Record no. 9919)
[ view plain ]
| 000 -LEADER | |
|---|---|
| fixed length control field | 00835cam a22002411 4500 |
| 001 - CONTROL NUMBER | |
| control field | 6397333 |
| 003 - CONTROL NUMBER IDENTIFIER | |
| control field | OSt |
| 005 - DATE AND TIME OF LATEST TRANSACTION | |
| control field | 20210205120212.0 |
| 008 - FIXED-LENGTH DATA ELEMENTS--GENERAL INFORMATION | |
| fixed length control field | 780719s1926 enkfh 000 0beng |
| 010 ## - LIBRARY OF CONGRESS CONTROL NUMBER | |
| LC control number | 27020365 |
| 035 ## - SYSTEM CONTROL NUMBER | |
| System control number | (OCoLC)4066737 |
| 040 ## - CATALOGING SOURCE | |
| Original cataloging agency | DLC |
| Transcribing agency | IaMpI |
| Modifying agency | DLC |
| 050 00 - LIBRARY OF CONGRESS CALL NUMBER | |
| Classification number | BS2505 |
| Item number | D325P |
| 082 ## - DEWEY DECIMAL CLASSIFICATION NUMBER | |
| Item number | D325P |
| 100 1# - MAIN ENTRY--PERSONAL NAME | |
| Personal name | Deissmann, Adolf, |
| Dates associated with a name | 1866-1937. |
| 245 00 - TITLE STATEMENT | |
| Title | Paul, |
| Remainder of title | a study in social and religious history, |
| Statement of responsibility, etc. | by Adolf Deissmann. Translated by William E. Wilson. |
| 250 ## - EDITION STATEMENT | |
| Edition statement | 2d ed., |
| Remainder of edition statement | fully rev. and enl., with six autotype plates and seven diagrams. |
| 260 ## - PUBLICATION, DISTRIBUTION, ETC. | |
| Place of publication, distribution, etc. | London, |
| Name of publisher, distributor, etc. | Hodder and Stoughton, limited, |
| Date of publication, distribution, etc. | 1926. |
| 300 ## - PHYSICAL DESCRIPTION | |
| Extent | xv, 323 p. |
| Other physical details | vi pl. (incl. front., facsims.) diagrs. |
| Dimensions | 22 1/2 cm. |
| 700 1# - ADDED ENTRY--PERSONAL NAME | |
| Personal name | Wilson, William E., |
| Relator term | tr. |
| 906 ## - LOCAL DATA ELEMENT F, LDF (RLIN) | |
| a | 7 |
| b | cbc |
| c | oclcrpl |
| d | u |
| e | ncip |
| f | 19 |
| g | y-gencatlg |
| 942 ## - ADDED ENTRY ELEMENTS (KOHA) | |
| Source of classification or shelving scheme | Dewey Decimal Classification |
| Koha item type | Books |
| Withdrawn status | Lost status | Source of classification or shelving scheme | Damaged status | Not for loan | Collection code | Home library | Current library | Shelving location | Date acquired | Total Checkouts | Full call number | Barcode | Date last seen | Price effective from | Koha item type |
|---|---|---|---|---|---|---|---|---|---|---|---|---|---|---|---|
| Dewey Decimal Classification | Non-fiction | Harvest Mission College | Harvest Mission College | General Stacks | 09.02.2021 | 225.92 D325P | 011391 | 09.02.2021 | 09.02.2021 | Books |
